| Tag |
First Indicator |
Second Indicator |
Subfields |
| LEADER |
00000cam a2200000Ki 4500 |
| 001 |
in00003547708 |
| 006 |
m o d |
| 007 |
cr cnu---unuuu |
| 008 |
140711s1990 enk ob 001 0 eng d |
| 005 |
20260422201544.2 |
| 020 |
|
|
|a 9781489929198 (electronic bk.)
|
| 020 |
|
|
|a 1489929193 (electronic bk.)
|
| 020 |
|
|
|z 0412325004
|
| 020 |
|
|
|z 9780412325007
|
| 024 |
7 |
|
|a 10.1007/978-1-4899-2919-8
|2 doi
|
| 035 |
|
|
|a (OCoLC)883381351
|
| 040 |
|
|
|a GW5XE
|b eng
|e rda
|e pn
|c GW5XE
|d UtOrBLW
|
| 049 |
|
|
|a TXAM
|
| 050 |
|
4 |
|a QP301
|b .G7336 1990eb
|
| 060 |
1 |
4 |
|a WL 600
|b G796a 1990
|
| 080 |
|
|
|a 612.01
|
| 082 |
0 |
4 |
|a 612/.044
|2 22
|
| 084 |
|
|
|a ZX 9320
|2 rvk
|
| 100 |
1 |
|
|a Green, J. Hilary.
|
| 245 |
1 |
4 |
|a The autonomic nervous system and exercise /
|c J. Hilary Green.
|
| 264 |
|
1 |
|a London :
|b Chapman and Hall,
|c 1990.
|
| 300 |
|
|
|a 1 online resource (x, 201 pages) :
|b illustrations.
|
| 336 |
|
|
|a text
|b txt
|2 rdacontent
|
| 337 |
|
|
|a computer
|b c
|2 rdamedia
|
| 338 |
|
|
|a online resource
|b cr
|2 rdacarrier
|
| 500 |
|
|
|a Includes index.
|
| 504 |
|
|
|a Includes bibliographical references.
|
| 588 |
|
|
|a Description based on print version record.
|
| 650 |
|
2 |
|a Autonomic Nervous System
|x physiology.
|
| 650 |
|
2 |
|a Exercise
|x physiology.
|
| 650 |
|
6 |
|a Exercice
|x Aspect physiologique.
|
| 650 |
|
0 |
|a Autonomic nervous system.
|
| 650 |
|
0 |
|a Exercise
|x Physiological aspects.
|
| 650 |
|
7 |
|a Système nerveux autonome
|x Physiologie.
|2 fmesh
|
| 650 |
|
7 |
|a Exercice physique
|x Physiologie.
|2 fmesh
|
| 650 |
0 |
7 |
|a Sportphysiologie.
|2 swd
|
| 650 |
0 |
7 |
|a Vegetatives Nervensystem.
|2 swd
|
| 650 |
|
7 |
|a Autonomic nervous system.
|2 fast
|0 (OCoLC)fst00824152
|
| 650 |
|
7 |
|a Exercise
|x Physiological aspects.
|2 fast
|0 (OCoLC)fst00918004
|
| 655 |
|
7 |
|a Electronic books.
|2 local
|
| 710 |
2 |
|
|a SpringerLink (Online service)
|
| 776 |
1 |
8 |
|i Print version:
|a Green, J. Hilary.
|t Autonomic nervous system and exercise
|z 0412325004
|w (OCoLC)22006983
|
| 856 |
4 |
0 |
|u http://proxy.library.tamu.edu/login?url=https://link.springer.com/10.1007/978-1-4899-2919-8
|z Connect to the full text of this electronic book
|t 0
|
| 994 |
|
|
|a 92
|b TXA
|
| 999 |
|
|
|a MARS
|
| 999 |
f |
f |
|s cc87b153-836b-3178-82e0-c17335fa0317
|i b1679ad5-d989-311d-b948-c1ebf651c5bc
|t 0
|
| 952 |
f |
f |
|a Texas A&M University
|b College Station
|c Electronic Resources
|s www_evans
|d Available Online
|t 0
|e QP301 .G7336 1990eb
|h Library of Congress classification
|
| 998 |
f |
f |
|a QP301 .G7336 1990eb
|t 0
|l Available Online
|